Archaeological monitoring in association with the Beitel Creek restoration project, San Antonio, Bexar County, Texas /

Bibliographic Details
Main Author: Nichols, Kristi Miller, 1976-
Corporate Authors: Texas Antiquities Committee, University of Texas at San Antonio. Center for Archaeological Research
Other Authors: Tomka, Steve A.
Format: Government Document Book
Language:English
Published: San Antonio, Tex. : Center for Archaeological Research, the University of Texas at San Antonio, [2005]
Series:Letter report (University of Texas at San Antonio. Center for Archaeological Research) ; no. 155.
Subjects:

MARC

Tag First Indicator Second Indicator Subfields
LEADER 00000cam a2200000Ia 4500
001 in00002399021
005 20151109082808.0
008 051031s2005 txuab b s000 0 eng
035 |a (OCoLC)62187850 
035 |a (OCoLC)ocm62187850 
040 |a IKM  |c IKM  |d TXA  |d UtOrBLW 
043 |a n-us-tx 
049 |a TXAM 
086 |a A1900.7 P422 NO.3814  |2 txdocs 
090 |a F392.B5  |b U46 2005 
100 1 |a Nichols, Kristi Miller,  |d 1976- 
245 1 0 |a Archaeological monitoring in association with the Beitel Creek restoration project, San Antonio, Bexar County, Texas /  |c [Kristi M. Ulrich ; Steve A. Tomka, principal investigator]. 
264 1 |a San Antonio, Tex. :  |b Center for Archaeological Research, the University of Texas at San Antonio,  |c [2005] 
300 |a 3 pages, 7 unnumbered leaves :  |b color illustrations, color maps ;  |c 28 cm. 
336 |a text  |b txt  |2 rdacontent 
337 |a unmediated  |b n  |2 rdamedia 
338 |a volume  |b nc  |2 rdacarrier 
490 1 |a CAR-UTSA letter report ;  |v no. 155 
500 |a "August 24, 2005." 
500 |a Title from subject line of letter. 
500 |a "This letter constitues the final report..."--Paragraph 1 of letter. 
500 |a "The investigations...were part of the Beitel Creek Environmental Restoration Project (BCERP)." 
500 |a "The archaeological work was conducted under Texas Antiquities Committee permit number 3814 with Steve A. Tomka ... serving as principal investigator"--Paragraph 2 of letter. 
500 |a "Kristi M. Ulrich, Project Archaeologist"--Leaf 3. 
651 0 |a Bexar County (Tex.)  |x Antiquities. 
650 0 |a Archaeological surveying  |z Texas  |z Bexar County. 
650 0 |a Excavations (Archaeology)  |z Texas  |z Bexar County. 
700 1 |a Tomka, Steve A. 
710 2 |a Texas Antiquities Committee. 
710 2 |a University of Texas at San Antonio.  |b Center for Archaeological Research. 
830 0 |a Letter report (University of Texas at San Antonio. Center for Archaeological Research) ;  |v no. 155. 
948 |a cataloged  |b h  |c 20080715  |d c  |e xxie 
994 |a C0  |b TXA 
999 |a MARS 
999 f f |s 16821590-a23a-3d26-9d87-7b3dd394b38a  |i 9a0d2a1f-67bb-30e9-a133-a56a7674daa4  |t 0 
952 f f |p ric  |a Texas A&M University  |b Rellis Campus  |c Joint Library Facility  |d Remote Storage  |t 0  |e F392.B5 U46 2005  |h Library of Congress classification  |i unmediated -- volume  |m A14833900333 
998 f f |a F392.B5 U46 2005  |t 0  |l Remote Storage